| 000 | 02210nam0a2200397 i 4500 | ||
|---|---|---|---|
| 001 | RU\NLR\BIBL_A\010980754 | ||
| 005 | 20240921183305.0 | ||
| 010 |
_a9785990588578 _9500 |
||
| 021 |
_aRU _b2016-5947 _9376 |
||
| 035 | _a(NILC)RuMoRGB-008131529 | ||
| 035 | _a(NLR Aleph) 010980754 | ||
| 090 |
_a10870699 _c10870699 |
||
| 100 | _a20160212d2015 k y0rusy50 ca | ||
| 101 | 0 | _arus | |
| 102 | _aRU | ||
| 105 | _aac z 000yy | ||
| 200 | 1 |
_aИсследование межкультурных взаимодействий народов Тувы, Красноярского края Российской Федерации и Монголии _eпо результатам полевых этнографических экспедиций (2009-2010 гг) _f[Айыжы Е. В., к.ист.н., доц., Дыртык-оол А. О., к.ист.н., доц., Шимит Л. Д., к.с.-х.н. и др.] _gМ-во образования и науки Рос. Федерации, ФГБОУ ВПО "Тувинский гос. ун-т" |
|
| 210 |
_aКызыл _cТипография КЦО "Аныяк" _d2015 |
||
| 215 |
_a127 с. _cил., цв. ил., портр. _d29 |
||
| 300 | _aАвт. указаны на с. 7 | ||
| 320 | _aБиблиогр.: с. 124 (30 назв.) | ||
| 606 | 1 |
_aТувинцы _xТрадиционная культура _92437013 _3RU\NLR\AUTH\661450094 |
|
| 606 | 1 |
_aМонголы _xТрадиционная культура _92194721 _3RU\NLR\AUTH\6601554558 |
|
| 686 | 1 | _aТ52(251.7=Ту) | |
| 686 | 1 | _aТ52(54Мо) | |
| 701 | 1 |
_aАйыжы _bЕ. В. _gЕлена Валерьевна |
|
| 701 | 1 |
_aДыртык-оол _bА. О. _gАнна Оюновна _9149956 _3RU\NLR\AUTH\770149992 |
|
| 701 | 1 |
_aШимит _bЛ. Д. _gЛариса Делгерооловна |
|
| 711 | 1 | 2 |
_aПолевая этнографическая экспедиция _f2009 _9514977 _3RU\NLR\AUTH\880425231 |
| 711 | 1 | 2 |
_aПолевая этнографическая экспедиция _f2010 _9514979 _3RU\NLR\AUTH\880425232 |
| 801 | 0 |
_aRU _bРГБ _c20160201 _gRCR |
|
| 801 | 1 |
_aRU _bРГБ _c20160201 _2rusmarc |
|
| 942 | _cBOOK | ||
| 980 | _aNBR | ||